000 00501nam a2200181Ia 4500
005 20250423095946.0
008 250422s9999 xx 000 0 und d
020 _a9780415377782
050 _aKN 250 .N4/
100 _aNelson Brian L.
245 0 _aLaw and ethics in global business : how to integrate law and ethics into corporate governance around the world
260 _a New York
260 _bRoutledge
260 _c2006
300 _a302 p
650 _aGlobal business
942 _cBK
999 _c31857
_d31857